Normal view
MARC view
- Dr. Muhammad Ali
Entry Personal Name
001 - CONTROL NUMBER
- control field: 27459
003 - CONTROL NUMBER IDENTIFIER
- control field: NUST
005 - DATE AND TIME OF LATEST TRANSACTION
- control field: 20200109163308.0
008 - FIXED-LENGTH DATA ELEMENTS
- fixed length control field: 200109|| aca||aabn | a|a d
040 ## - CATALOGING SOURCE
- Original cataloging agency: NUST
- Transcribing agency: NUST
100 ## - HEADING--PERSONAL NAME
- Personal name: Dr. Muhammad Ali
670 ## - SOURCE DATA FOUND
- Source citation: Work cat.: (NUST): Khan, Abdullah 27458, Determinants of Remittances for low skilled Pakistani immigrant workers in the UAE and KSA. /, 2019.
